Historia y crítica de la literatura española. Los nuevos nombres: 1975-1990 /Al cuidado de Francisco Rico; Villanueva, Darío y otros
Guardado en:
| Formato: | Libro |
|---|---|
| Lenguaje: | Undetermined |
| Publicado: |
Barcelona, España
Editorial Crítica
1992
|
| Materias: | |
| Etiquetas: |
Agregar Etiqueta
Sin Etiquetas, Sea el primero en etiquetar este registro!
|
MARC
| LEADER | 00000nam a2200000Ia 4500 | ||
|---|---|---|---|
| 008 | 170316s9999 xx 000 0 und d | ||
| 040 | |a cru BVZT | ||
| 090 | |a H-862 H-1h v.9 | ||
| 245 | |a Historia y crítica de la literatura española. Los nuevos nombres: 1975-1990 /Al cuidado de Francisco Rico; Villanueva, Darío y otros | ||
| 260 | |a Barcelona, España | ||
| 260 | |b Editorial Crítica | ||
| 260 | |c 1992 | ||
| 300 | |a 556 páginas Vol. 9 | ||
| 650 | |a LITERATURA ESPAÑOLA | ||
| 650 | |a HISTORIA | ||
| 650 | |a LA POESÍA | ||
| 650 | |a LA NOVELA | ||
| 650 | |a EL TEATRO | ||
| 999 | |c 13671 |d 13671 | ||
| 942 | |c 15 D |h H-862 H-1h v.9 |2 z | ||
